Myths and nationhood

Αποθηκεύτηκε σε:
Λεπτομέρειες βιβλιογραφικής εγγραφής
Άλλοι συγγραφείς: Hosking, Geoffrey A. (Επιμελητής έκδοσης), Schopflin, George (Επιμελητής έκδοσης)
Μορφή: Βιβλίο
Γλώσσα:English
Δημοσίευση: London : Hurst & Company, c1997
Θέματα:
Ετικέτες: Προσθήκη ετικέτας
Δεν υπάρχουν, Καταχωρήστε ετικέτα πρώτοι!

MARC

LEADER 00000nam a2200000 i 4500
001 1/17807
008 981012s1997 eng d
020 |a 1-85065-334-8 
035 |l 10020689 
040 |a GR-MY-UA  |b gre  |e aacr 
041 0 |a eng 
082 0 |a 320.540947 
245 1 0 |a Myths and nationhood /  |c Geoffrey Hoskins, George Schopflin, editors 
260 |a London :   |b Hurst & Company,   |c c1997 
300 |a 214 p. 
504 |a Includes bibliographical references and index 
504 |a Papers in a revised and updated form were delivered at a two-day international conference in Oct. 1996 
650 0 0 |a Mythology. 
650 0 0 |a Nationalism. 
650 0 0 |a Ethnicity. 
700 0 |a Hosking, Geoffrey A.  |4 edt 
700 0 |a Schopflin, George.  |4 edt 
852 |a INST  |b LESVOS  |e 19981012  |h 320.540947 MYT  |p 005100012973  |q 005100012973  |t BK  |y 0 
901 |a BIBL-1998-3 
909 |a Λ  |b 059120 
922 |a 1ΔΩΡ  |b 199809  |c ΤΚΑ